| 000 | 00748nam a2200277 a 4500 | ||
|---|---|---|---|
| 003 | AR-BaBNM | ||
| 005 | 20251128203228.0 | ||
| 008 | 082120s2002 ||||||||||||||000 | spa|| | ||
| 040 | _cAR-BaBNM | ||
| 100 | 1 | _aRossler, Osvaldo | |
| 245 | 0 | 0 | _aOsvaldo Rossler |
| 260 |
_aBuenos Aires _bEdiciones Culturales Argentinas _c1968 |
||
| 300 | _a139 p. | ||
| 490 | 0 | _aTestimonios | |
| 650 | 4 | _aLITERATURA ARGENTINA | |
| 650 | 4 | _aESCRITORES | |
| 650 | 4 | _aPOESIA | |
| 650 | 4 | _aLITERATURA CONTEMPORANEA | |
| 651 | 4 | _aBuenos Aires [Capital Federal] | |
| 653 | _aINFLUENCIA CLASICA | ||
| 655 | _aLITERATURA | ||
| 700 | 1 |
_aEstrella Gutiérrez, Fermín _eprologuista |
|
| 800 | 1 |
_aVedia, Leónidas de _edirector |
|
| 942 | _cBK | ||
| 998 | _cMARTIN | ||
| 999 |
_c2491 _d2491 |
||